000 00471ntaaa2200181 4500
003 01
005 20251027203051.0
008 0714s1973 ag 01
020 _a8472285073
040 _aAR-BaBN
_bspa
_cAR-BaBN
_eaacr
_dRIC
082 _a248.6000 K84s
100 _aKoopman, Leroy
_914954
245 _aSalón de belleza para las manos
250 _a1 ed.
260 _aBarcelona :
_bClie,
_cc1980
300 _a110 p ;
_c17 cm
650 _aServicio--Vida cristiana
_96352
999 _c26070
_d26070